| 000 | 01350cam a22003374a 4500 | ||
|---|---|---|---|
| 001 | 15998053 | ||
| 005 | 20140102121635.0 | ||
| 008 | 091127t2008 ph a grb i000 0 eng c | ||
| 010 | _a 2009517977 | ||
| 016 | 7 |
_a101496345 _2DNLM |
|
| 020 | _a9789290613893 | ||
| 020 | _a9290613890 | ||
| 040 |
_aNLM _cNLM _dOCLCQ _dDLC |
||
| 043 | _ap------ | ||
| 082 | 0 | 4 |
_a613.95091823 _222 _bCOL |
| 100 | 1 |
_aColl-Black, Sarah _934721 |
|
| 245 | 1 | 0 |
_aIntegrating poverty and gender into health programmes : _ba sourcebook for health professionals. _pModule on sexual and reproductive health / _c[Sarah Coll-Black and Elizabeth Lindsey, consultants and principal writers]. |
| 246 | 3 | 0 | _aModule on sexual and reproductive health |
| 260 |
_aManila : _bWorld Health Organization, Western Pacific Region, _cc.2008. |
||
| 300 |
_aviii, 115 p. : _bill (col.) ; _c28 cm. |
||
| 504 | _aBibliography : p. 95-115. | ||
| 650 | 0 |
_aSexual health _zPacific Area _934722 |
|
| 650 | 0 |
_aReproductive health _zPacific Area _934723 |
|
| 650 | 0 |
_aHealth promotion _zPacific Area _934724 |
|
| 650 | 0 |
_aPoverty _zPacific Area _934725 |
|
| 653 |
_bGeneral _cDecember2013 |
||
| 655 |
_vreading book _934232 |
||
| 700 | 1 |
_aLindsey, Elizabeth, _cDr. _934726 |
|
| 710 | 2 |
_aWorld Health Organization. _bRegional Office for the Western Pacific. _934727 |
|
| 942 |
_2ddc _cBB _k613.95091823 COL |
||
| 999 |
_c17888 _d17860 |
||